[Event "Challenge"]
[Site "http://www.queenalice.com/game.php?id=1161405"]
[Date "2013.3.16"]
[Round "-"]
[White "dedey_r3"]
[Black "nuage"]
[Result "1/2-1/2"]
[WhiteElo "1644"]
[BlackElo "1557"]

1. d4 Nf6 2. Nc3 d5 3. Bg5 Nc6 4. Bxf6 exf6 5. Qd2 Bb4 6. O-O-O O-O 7. e3 f5 8.
f4 Na5 9. a3 Bxc3 10. Qxc3 b6 11. Nf3 Bb7 12. h3 Re8 13. Bb5 c6 14. Bd3 Rxe3 15.
Rde1 Re8 16. Rxe8+ Qxe8 17. Re1 Qb8 18. Bxf5 Qxf4+ 19. Qe3 Qxe3+ 20. Rxe3 Nc4
21. Re7 Nd6 22. Ne5 Kf8 23. Rd7 Nxf5 24. Rxf7+ Ke8 25. Rxb7 Nxd4 26. c3 Nb3+ 27.
Kc2 Na1+ 28. Kb1 Nb3 29. Kc2 Na1+ 30. Kd3 Kf8 31. Rc7 c5 32. Rd7 c4+ 33. Ke3
Nc2+ 34. Kd2 Na1 35. Rxd5 Nb3+ 36. Ke3 Nc5 37. Nxc4 Re8+ 38. Re5 Rxe5+ 39. Nxe5
Ke7 40. Nc6+ Kd6 41. Nxa7 Na4 42. Nb5+ Kc5 43. Nd4 Nxb2 44. Ne6+ Kc4 45. Kd2 g6
46. Ng5 h6 47. Nf7 h5 48. Nd6+ Kb3 49. Nb5 Nc4+ 50. Kd3 Nxa3 51. Nd4+ Ka4 52.
Nc2 Kb3 53. Nxa3 Kxa3 54. c4 Kb4 55. Kd4 g5 56. g3 Kb3 57. Kd3 1/2-1/2

[Event "Challenge"]
[Site "http://www.queenalice.com/game.php?id=1161406"]
[Date "2013.3.16"]
[Round "-"]
[White "nuage"]
[Black "dedey_r3"]
[Result "0-1"]
[WhiteElo "1556"]
[BlackElo "1631"]

1. Nf3 d6 2. d3 e5 3. g3 Nf6 4. Bg5 Nbd7 5. Bg2 Be7 6. O-O h6 7. Bxf6 Nxf6 8.
Nbd2 O-O 9. a3 a5 10. c3 b5 11. Nxe5 Ra6 12. Nc6 Qe8 13. Nb8 Rb6 14. a4 Rxb8 15.
axb5 Rxb5 16. Nc4 d5 17. Nxa5 Nd7 18. Nc6 Rxb2 19. Bxd5 Bb7 20. e4 Bf6 21. d4
Nb8 22. Ra8 Bxa8 23. Qa4 Bxc6 24. Bxc6 Qxc6 25. Qxc6 Nxc6 26. e5 Bd8 27. f4 Ne7
28. Ra1 Nd5 29. Ra3 Be7 30. Ra5 Nxc3 31. h4 Ne4 32. g4 Bxh4 33. Ra7 Bf2+ 34. Kf1
Bxd4 35. Rxc7 Ng3+ 36. Ke1 Ra8 37. Rc1 Re2+ 38. Kd1 Ra1 39. Rxa1 Bxa1 0-1

[Event "Challenge"]
[Site "http://www.queenalice.com/game.php?id=1161889"]
[Date "2013.3.17"]
[Round "-"]
[White "dedey_r3"]
[Black "kuntakinte"]
[Result "1-0"]
[WhiteElo "1718"]
[BlackElo "1704"]

1. e4 e5 2. Nf3 d6 3. Nc3 c6 4. d4 exd4 5. Qxd4 c5 6. Qd2 Nc6 7. Bb5 Bd7 8. b3
a6 9. Bxc6 Bxc6 10. Bb2 Qc7 11. O-O-O Rd8 12. Rhe1 Nf6 13. Qe2 Be7 14. e5 dxe5
15. Rxd8+ Qxd8 16. Nxe5 O-O 17. Rd1 Qc7 18. f3 Re8 19. Nxc6 Qxc6 20. Ne4 Bd8 21.
Qd3 Be7 22. Nxf6+ gxf6 23. f4 Qxg2 24. Qg3+ Qxg3 25. hxg3 b6 26. g4 a5 27. Rg1
h6 28. Kb1 Kh7 29. f5 Rd8 30. Bc1 Bf8 31. a4 Rd4 32. Kb2 Re4 33. Kc3 Bd6 34. Rh1
Rxg4 35. Rxh6+ Kg7 36. Rh5 Be5+ 37. Kd3 Kf8 38. Rh8+ Ke7 39. Ba3 Kd6 40. Rh7 Ke7
41. Bc1 Bf4 42. Bb2 Bg5 43. Rh8 Kd6 44. Rf8 Ke7 45. Rb8 Rf4 46. Rxb6 Rxf5 47.
Rb5 Kd6 48. Rxa5 Kd5 49. b4 Rf3+ 50. Ke2 Re3+ 51. Kd1 Ke4 52. Rxc5 Kf3 53. b5
Kf2 54. Bd4 Bf4 55. Bxe3+ Kxe3 56. b6 Bd6 57. Rc6 Be5 58. b7 Kd4 59. Rc8 f5 60.
b8=Q Bxb8 61. Rxb8 Kd5 62. a5 Kc6 63. a6 Kc7 64. a7 f4 65. a8=Q f3 66. Qxf3 Kxb8
67. Qxf7 Kc8 68. Kd2 Kb8 69. Kc3 Kc8 70. Kc4 Kd8 71. Kc5 Kc8 72. Kc6 1-0

[Event "Challenge"]
[Site "http://www.queenalice.com/game.php?id=1161890"]
[Date "2013.3.17"]
[Round "-"]
[White "kuntakinte"]
[Black "dedey_r3"]
[Result "1-0"]
[WhiteElo "1713"]
[BlackElo "1625"]

1. e4 e5 2. Nf3 Nc6 3. Bc4 Nf6 4. Nc3 Bc5 5. h3 O-O 6. O-O a6 7. a3 b5 8. Ba2
Ne7 9. b4 Bb6 10. Nxe5 d5 11. d3 d4 12. Ne2 c5 13. Bg5 Bc7 14. Bxf6 gxf6 15. Ng4
Bxg4 16. hxg4 Qd6 17. Ng3 Ng6 18. Qd2 Qf4 19. Qe2 Qg5 20. bxc5 Bxg3 21. fxg3 Ne5
22. Rf5 Qxg4 23. Qf2 Nd7 24. c6 Ne5 25. Rxf6 Rac8 26. Bd5 Rc7 27. Rf1 Qh5 28.
Rf5 Qg6 29. Rxe5 Kg7 30. Qxd4 f6 31. Ref5 Qxg3 32. R5f3 Qh4 33. Qe3 Kh8 34. Rh3
Qg4 35. Qh6 1-0

[Event "Challenge"]
[Site "http://www.queenalice.com/game.php?id=1162562"]
[Date "2013.3.19"]
[Round "-"]
[White "dedey_r3"]
[Black "jajerduco"]
[Result "0-1"]
[WhiteElo "1711"]
[BlackElo "1618"]

1. e4 b6 2. Nf3 e6 3. e5 g6 4. Be2 Bg7 5. d4 Bb7 6. O-O d6 7. Bf4 d5 8. c4 Ne7
9. Nc3 O-O 10. b3 c6 11. Na4 Qd7 12. c5 b5 13. Nc3 a6 14. a4 b4 15. Na2 a5 16.
Nc1 Nf5 17. Bd3 Ba6 18. Bxa6 Nxa6 19. h3 Qe7 20. Bg5 Qd7 21. Bf6 Bh6 22. Ng5
Bxg5 23. Bxg5 h6 24. Bf6 Nc7 25. g4 Ng7 26. Qd2 Nge8 27. Qxh6 Nxf6 28. exf6 Ne8
29. g5 Qc7 30. Ne2 e5 31. Qh4 e4 32. Qg4 e3 33. h4 exf2+ 34. Rxf2 Ra7 35. h5 Qd7
36. Qf3 Nc7 37. hxg6 fxg6 38. Nf4 Qf5 39. Qg3 Rf7 40. Nh3 Qe4 41. Qf4 Qe6 42.
Qe5 Qxh3 43. Rh2 Qg4+ 44. Rg2 Qf3 45. Rb1 Qd3 46. Rbb2 Qd1+ 47. Kh2 Rh7+ 48. Kg3
Qd3+ 49. Kf4 Rh4+ 50. Rg4 Qf1+ 51. Kg3 Qh3+ 52. Kf4 Qxg4+ 0-1

[Event "Challenge"]
[Site "http://www.queenalice.com/game.php?id=1163364"]
[Date "2013.3.21"]
[Round "-"]
[White "dedey_r3"]
[Black "Ricardoabreu"]
[Result "1-0"]
[WhiteElo "1613"]
[BlackElo "1664"]

1. e4 b6 2. Nf3 Bb7 3. Nc3 g6 4. Bc4 Bg7 5. O-O Bxc3 6. dxc3 Bxe4 7. Bd5 Bxd5 8.
Qxd5 c6 9. Qd4 f6 10. b4 Nh6 11. Bxh6 Qc7 12. Bg7 Rg8 13. Bh6 g5 14. Rfe1 Rg6
15. Qe4 Qd8 16. Bxg5 fxg5 17. b5 e6 18. Ne5 a6 19. bxc6 dxc6 20. Nxg6 Qc7 21.
Qxe6+ 1-0

[Event "Challenge"]
[Site "http://www.queenalice.com/game.php?id=1163862"]
[Date "2013.3.23"]
[Round "-"]
[White "jeffcom2f"]
[Black "dedey_r3"]
[Result "0-1"]
[WhiteElo "1660"]
[BlackElo "1684"]

1. e4 e5 2. f4 Qh4+ 3. g3 Qf6 4. Qf3 b6 5. Nc3 Bb7 6. Bd3 Nc6 7. Nge2 O-O-O 8.
O-O Bc5+ 9. Kg2 exf4 10. Qxf4 Qxf4 11. Rxf4 Bd6 12. Rxf7 g6 13. a3 Nh6 14. Rf1
Rhf8 15. Rxf8 Rxf8 16. b4 Be5 17. Bb2 Nd4 18. Nxd4 Bxd4 19. Rf1 Rf7 20. Rxf7
Nxf7 21. Bc1 Ne5 22. Be2 c6 23. Nd1 c5 24. c3 Bxe4+ 25. Kf1 Bd3 26. Bxd3 Nxd3
27. Bb2 Bf6 28. Ke2 Nxb2 29. Nxb2 cxb4 30. axb4 b5 31. Kd3 Kc7 32. Nd1 Kb6 33.
Ne3 Kc6 34. Ng4 Bg7 35. Ke4 d5+ 36. Ke3 Kb6 37. d4 a5 38. bxa5+ Kxa5 39. Ne5 b4
40. Nc6+ Kb5 41. Nxb4 Kc4 42. Kd2 Bf8 43. Nd3 Bh6+ 44. Kc2 Be3 45. Ne5+ Kb5 46.
Kd3 Bc1 47. Nd7 Ba3 48. Nf6 Kc6 49. Nxh7 Kd6 50. Nf8 g5 51. Nh7 Bc1 52. Nf6 Ke6
53. Ng4 Kf5 54. Nf2 g4 55. Kc2 Bh6 56. Kd3 Bg7 57. Ke3 Bh6+ 58. Kd3 Bg7 59. Ke2
Bh6 0-1

[Event "OS INCLIVEIS"]
[Site "http://www.queenalice.com/game.php?id=1164077"]
[Date "2013.3.23"]
[Round "-"]
[White "adelio"]
[Black "dedey_r3"]
[Result "1-0"]
[WhiteElo "1798"]
[BlackElo "1640"]

1. f4 d5 2. Nc3 Nf6 3. Nf3 Bg4 4. h3 Bxf3 5. exf3 Qd7 6. g4 Nc6 7. d4 O-O-O 8.
Bb5 a6 9. Bxc6 Qxc6 10. Bd2 e6 11. a3 h5 12. g5 Nh7 13. a4 f6 14. Qe2 fxg5 15.
Nb5 Qxc2 16. Rc1 Qxb2 17. Nxc7 Rd7 18. Nxa6+ Kd8 19. Ba5+ Ke8 20. Qxb2 gxf4 21.
Nc5 Bxc5 22. Rxc5 1-0

[Event "Challenge"]
[Site "http://www.queenalice.com/game.php?id=1164111"]
[Date "2013.3.23"]
[Round "-"]
[White "dedey_r3"]
[Black "Ricardoabreu"]
[Result "0-1"]
[WhiteElo "1659"]
[BlackElo "1587"]

1. e4 b6 2. Nf3 Bb7 3. d3 g6 4. Be2 Bg7 5. O-O e6 6. Nc3 Nh6 7. a4 O-O 8. Bg5 f6
9. Bxh6 Bxh6 10. b4 Nc6 11. b5 Na5 12. e5 f5 13. d4 d6 14. d5 exd5 15. Nxd5 dxe5
16. c4 Re8 17. Nc3 e4 18. Qxd8 Raxd8 19. Ne1 e3 20. f3 Nb3 21. Nc2 Nxa1 22. Rxa1
Rd2 23. Rc1 Bg7 24. Bf1 Bxc3 25. Na3 Bb2 0-1

[Event "Challenge"]
[Site "http://www.queenalice.com/game.php?id=1164112"]
[Date "2013.3.23"]
[Round "-"]
[White "Ricardoabreu"]
[Black "dedey_r3"]
[Result "0-1"]
[WhiteElo "1609"]
[BlackElo "1684"]

1. b3 e5 2. Bb2 d6 3. g3 Nc6 4. Bg2 Bd7 5. e3 Qe7 6. Nh3 O-O-O 7. Nc3 Nf6 8. Nd5
Nxd5 9. Bxd5 f5 10. Qh5 g6 11. Qe2 Bg7 12. Bg2 e4 13. Bxg7 Qxg7 14. O-O d5 15.
d3 Rhe8 16. Rfb1 h6 17. b4 exd3 18. Qxd3 Be6 19. a3 d4 20. Qe2 dxe3 21. fxe3 g5
22. b5 Ne5 23. Nf2 Ng4 24. Nd3 Bf7 25. Nc5 Bd5 26. Bxd5 Rxd5 27. Qc4 Rde5 28. a4
Nxe3 29. Qd3 Rxc5 30. a5 Rxc2 31. Re1 Rg2+ 32. Kh1 f4 33. Rxe3 Rxe3 34. Qf5+ Kd8
35. Kxg2 Qxa1 36. Qf8+ Re8 37. Qxh6 g4 38. Qg5+ Re7 39. Qg8+ Re8 40. Qg5+ Kd7
41. Qxg4+ Ke7 42. Qg5+ Qf6 43. Qxf4 Qxf4 44. gxf4 Rg8+ 45. Kf3 Kd6 46. f5 Rf8
47. Kg4 Ke5 48. h4 Rxf5 49. h5 Kf6 50. Kh4 Rg5 51. Kh3 Rxh5+ 52. Kg3 Rxb5 53.
Kg4 Rxa5 54. Kf4 Ra4+ 55. Ke3 Kf5 56. Kf3 Ra3+ 57. Ke2 Kf4 58. Kd1 Ra2 59. Kc1
Rh2 60. Kd1 Ke3 61. Ke1 Rh1# 0-1

[Event "Challenge"]
[Site "http://www.queenalice.com/game.php?id=1164919"]
[Date "2013.3.26"]
[Round "-"]
[White "dedey_r3"]
[Black "nuage"]
[Result "1-0"]
[WhiteElo "1697"]
[BlackElo "1625"]

1. d4 Nf6 2. Bg5 Nd5 3. Nc3 Nxc3 4. bxc3 f6 5. Bd2 d5 6. Nf3 Bg4 7. e3 e6 8. Be2
Ba3 9. O-O O-O 10. Bc1 Bxc1 11. Qxc1 Nc6 12. c4 f5 13. c5 e5 14. Qd1 e4 15. Nd2
Bxe2 16. Qxe2 Rf6 17. c4 Ne7 18. cxd5 Nxd5 19. f3 Nc3 20. Qf2 c6 21. Nb3 Qd5 22.
Rfc1 Nb5 23. f4 Nc7 24. Rab1 Qf7 25. Nd2 Rb8 26. Nc4 Rh6 27. Ne5 Qh5 28. h3 Rf8
29. Rxb7 Nb5 30. a4 Rff6 31. axb5 cxb5 32. Rxa7 Kf8 33. Nd7+ Ke7 34. Nxf6+ Kxf6
35. Ra6+ Kf7 36. Rxh6 Qxh6 37. Qa2+ Kg6 38. Qa6+ Kh5 39. Qxh6+ Kxh6 40. c6 b4
41. c7 b3 42. c8=Q b2 43. Rb1 g6 44. Rxb2 Kh5 45. g3 h6 46. g4+ Kh4 47. gxf5
Kxh3 48. fxg6+ Kg3 49. Rg2+ Kf3 50. Qh3# 1-0

[Event "Challenge"]
[Site "http://www.queenalice.com/game.php?id=1165759"]
[Date "2013.3.29"]
[Round "-"]
[White "dedey_r3"]
[Black "rama123"]
[Result "1-0"]
[WhiteElo "1699"]
[BlackElo "1946"]

1. Nf3 d5 2. d4 c6 3. e3 e6 4. Be2 Nf6 5. O-O Nbd7 6. Bd2 Bd6 7. a3 a5 8. b3 O-O
9. c4 e5 10. Nc3 e4 11. Ne1 b6 12. cxd5 cxd5 13. Na2 Bxa3 14. b4 Bb7 15. bxa5
bxa5 16. Qb3 Bb4 17. Nxb4 axb4 18. Rxa8 Qxa8 19. Bxb4 Rc8 20. Nc2 Qb8 21. Na3
Rc6 22. Bb5 Rc8 23. Nc2 Ng4 24. g3 1-0

[Event "Challenge"]
[Site "http://www.queenalice.com/game.php?id=1165906"]
[Date "2013.3.29"]
[Round "-"]
[White "dedey_r3"]
[Black "Cubanauta"]
[Result "1-0"]
[WhiteElo "1710"]
[BlackElo "1675"]

1. Nf3 d5 2. d4 Nc6 3. e3 Bg4 4. Bb5 Qd7 5. O-O a6 6. Bd3 Nb4 7. c3 Nxd3 8. Qxd3
Bxf3 9. Nd2 Bh5 10. c4 c6 11. cxd5 cxd5 12. e4 e6 13. e5 f6 14. a3 Nh6 15. h3
Qc7 16. Nb3 fxe5 17. Nc5 Bxc5 18. dxc5 Qxc5 19. b4 Bg6 20. Qe2 Qd4 21. Bb2 Bd3
22. Bxd4 Bxe2 23. Rfe1 exd4 24. Rxe2 Kd7 25. Rae1 1-0

[Event "1ª Simultanea-mesa 20"]
[Site "http://www.queenalice.com/game.php?id=1166677"]
[Date "2013.3.31"]
[Round "-"]
[White "Herbert_Paulo"]
[Black "dedey_r3"]
[Result "1-0"]
[WhiteElo "1777"]
[BlackElo "1687"]

1. e4 e5 2. Nf3 Nc6 3. Bb5 Nge7 4. O-O d6 5. Nc3 f6 6. d4 Bg4 7. d5 Bxf3 8. Qxf3
Qd7 9. dxc6 Nxc6 10. Bxc6 Qxc6 11. Nd5 Qxc2 12. Be3 Qxb2 13. Nxc7+ Kd8 14. Nxa8
Kd7 15. Qf5+ Kc6 16. Rfc1+ 1-0

[Event "Challenge"]
[Site "http://www.queenalice.com/game.php?id=1166952"]
[Date "2013.4.1"]
[Round "-"]
[White "dedey_r3"]
[Black "toldowisky"]
[Result "0-1"]
[WhiteElo "1746"]
[BlackElo "1796"]

1. e4 e5 2. Nf3 Nf6 3. d3 Nc6 4. Be2 Bc5 5. O-O O-O 6. Bg5 Be7 7. Nc3 a6 8. Bxf6
Bxf6 9. a3 b6 10. Nd5 d6 11. Nxf6+ Qxf6 12. c3 Re8 13. b4 Bb7 14. a4 Rad8 15. b5
Na5 16. Qb1 d5 17. Rd1 c5 18. d4 c4 19. exd5 Bxd5 20. Nxe5 Qd6 21. Bf3 f6 22.
Ng4 Bxf3 23. gxf3 Qf4 24. Kg2 h5 25. Ne3 Qg5+ 26. Kh3 Qf4 27. Rg1 Qxf3+ 28. Kh4
Re4+ 0-1

[Event "AUTO-ADV-2808"]
[Site "http://www.queenalice.com/game.php?id=1167891"]
[Date "2013.4.3"]
[Round "1"]
[White "markim03"]
[Black "dedey_r3"]
[Result "1-0"]
[WhiteElo "1783"]
[BlackElo "1717"]

1. d4 d5 2. c4 dxc4 3. Nf3 c6 4. Nc3 b5 5. a4 Ba6 6. e4 e6 7. g3 Bb4 8. Be2 Ne7
9. O-O O-O 10. Bd2 Bxc3 11. Bxc3 Nd7 12. e5 c5 13. dxc5 Nxc5 14. axb5 Qxd1 15.
Rfxd1 Rad8 16. bxa6 1-0

[Event "AUTO-ADV-2808"]
[Site "http://www.queenalice.com/game.php?id=1167892"]
[Date "2013.4.3"]
[Round "1"]
[White "dedey_r3"]
[Black "markim03"]
[Result "0-1"]
[WhiteElo "1732"]
[BlackElo "1763"]

1. e4 e5 2. Nf3 Nf6 3. Nc3 Bb4 4. Bc4 Bxc3 5. dxc3 O-O 6. Bg5 h6 7. Bh4 d6 8.
O-O Nbd7 9. Bb3 g5 10. Bg3 Nxe4 11. a4 Nxg3 12. fxg3 b6 13. Nd2 Nc5 14. Bd5 Rb8
15. b4 Ne6 16. Bxe6 Bxe6 0-1

[Event "AUTO-ADV-2808"]
[Site "http://www.queenalice.com/game.php?id=1167911"]
[Date "2013.4.3"]
[Round "1"]
[White "dedey_r3"]
[Black "ACamargo"]
[Result "0-1"]
[WhiteElo "1722"]
[BlackElo "1856"]

1. Nf3 Nc6 2. e3 e5 3. e4 Nf6 4. Nc3 a6 5. Be2 Bb4 6. O-O Bxc3 7. dxc3 Nxe4 8.
Qd5 Nf6 9. Nxe5 Nxd5 10. Nxc6 dxc6 11. Re1 O-O 12. c4 Nf6 13. Bd3 Be6 14. Bg5 h6
0-1

[Event "AUTO-ADV-2808"]
[Site "http://www.queenalice.com/game.php?id=1167912"]
[Date "2013.4.3"]
[Round "1"]
[White "ACamargo"]
[Black "dedey_r3"]
[Result "1-0"]
[WhiteElo "1905"]
[BlackElo "1691"]

1. d4 d5 2. c4 dxc4 3. Nc3 Nf6 4. e3 Be6 5. e4 c6 6. Bg5 Nbd7 7. d5 cxd5 8. Bxf6
Nxf6 9. exd5 Nxd5 10. Nxd5 Qxd5 11. Qa4+ Qc6 12. Qc2 O-O-O 13. Nf3 h6 14. Be2 g5
15. O-O Bg7 16. Rac1 b5 17. Nd2 h5 18. Bf3 Qd6 19. Ne4 Qe5 20. b3 Qb2 21. bxc4
Qxc2 22. Rxc2 Bxc4 23. Rfc1 Kd7 24. Rd1+ Ke8 25. Rxd8+ Kxd8 26. Nxg5 f6 27. Ne4
f5 28. Nd2 Bd3 29. Rc5 Be4 30. Bxe4 Kd7 31. Bxf5+ Kd6 32. Rxb5 Rc8 33. Bxc8 1-0

[Event "Challenge"]
[Site "http://www.queenalice.com/game.php?id=1168848"]
[Date "2013.4.6"]
[Round "-"]
[White "dedey_r3"]
[Black "tewald"]
[Result "0-1"]
[WhiteElo "1733"]
[BlackElo "1856"]

1. Nf3 Nf6 2. d4 g6 3. e3 Bg7 4. Bd3 O-O 5. O-O d6 6. Bd2 b6 7. Nc3 Bb7 8. b4 a6
9. a4 Nbd7 10. b5 a5 11. e4 c5 12. d5 Ng4 13. h3 Nge5 14. Nxe5 Nxe5 15. Be2 Rc8
16. Bg4 Nxg4 17. Qxg4 Rc7 18. Qe2 e5 19. Rae1 f5 20. f3 f4 21. Nd1 Bc8 22. c4
Qg5 23. Nf2 h5 24. g4 Bf6 25. Kh1 Rh7 26. Nd3 hxg4 27. fxg4 Rxh3+ 28. Kg1 Rg3+
29. Kf2 Bxg4 30. Qxg4 Qxg4 0-1